00493nam a2200193Ia 4500003000400000005001700004008004100021020001500062040000700077041000800084082002100092100002500113245003200138260005700170300001200227365001300239650003100252650001600283OSt20230608104844.0210423s2002 xx 000 0 und d a8126110570 cAL aeng a361.3 223bJHAI aJHA (Jainendra K),Ed aIntroduction to social work aLucknowbInstitute for sustainable developmentc2002 a343bHB b250cINR aSocial Problems & Services aSocial Work